| 000 | 00776nam a2200241 a 4500 | ||
|---|---|---|---|
| 005 | 20160223185722.0 | ||
| 008 | 140221b1995 ck abdofr||||o000 0 spa d | ||
| 020 | _av.1: 9585019 | ||
| 020 | _av. 2: 9585027 | ||
| 040 |
_aCO-BoIAVH _cCO-BoIAVH |
||
| 041 | 0 | _aspa | |
| 044 | _ack | ||
| 082 | 0 | 4 |
_a551.48021 _bM66e |
| 110 | 2 |
_bMinisterio del Medio Ambiente _aColombia. |
|
| 245 | 1 | 0 | _aEstadísticas hidrológicas de Colombia 1990-1993 |
| 260 |
_aBogotá : _bIDEAM, _c1995. |
||
| 300 |
_a2 volúmenes : _bIlustraciones, mapas, gráficos, fotografías ; _c28 x 22 cm. |
||
| 650 | 1 | 6 | _aEstadísticas |
| 650 | 2 | 6 | _aHidrología |
| 662 | _aColombia | ||
| 710 | 2 | _aInstituto de Hidrología, Meteorología y Estudios Ambientales | |
| 942 |
_cLIBRO _2ddc |
||
| 999 |
_c655 _d655 |
||